<?xml version="1.0" encoding="UTF-8"?><?xml-stylesheet type="text/xsl" href="static/style.xsl"?><OAI-PMH xmlns="http://www.openarchives.org/OAI/2.0/" xmlns:xsi="http://www.w3.org/2001/XMLSchema-instance" xsi:schemaLocation="http://www.openarchives.org/OAI/2.0/ http://www.openarchives.org/OAI/2.0/OAI-PMH.xsd"><responseDate>2026-04-17T07:32:26Z</responseDate><request verb="GetRecord" identifier="oai:www.recercat.cat:2445/166518" metadataPrefix="marc">https://recercat.cat/oai/request</request><GetRecord><record><header><identifier>oai:recercat.cat:2445/166518</identifier><datestamp>2025-12-04T21:22:20Z</datestamp><setSpec>com_2072_1057</setSpec><setSpec>col_2072_478779</setSpec><setSpec>col_2072_478917</setSpec></header><metadata><record xmlns="http://www.loc.gov/MARC21/slim" xmlns:dcterms="http://purl.org/dc/terms/" xmlns:xsi="http://www.w3.org/2001/XMLSchema-instance" xmlns:doc="http://www.lyncode.com/xoai" xsi:schemaLocation="http://www.loc.gov/MARC21/slim http://www.loc.gov/standards/marcxml/schema/MARC21slim.xsd">
   <leader>00925njm 22002777a 4500</leader>
   <datafield ind2=" " ind1=" " tag="042">
      <subfield code="a">dc</subfield>
   </datafield>
   <datafield ind2=" " ind1=" " tag="720">
      <subfield code="a">Miñana i Galbis, David</subfield>
      <subfield code="e">author</subfield>
   </datafield>
   <datafield ind2=" " ind1=" " tag="720">
      <subfield code="a">Farfán Sellarés, Maribel</subfield>
      <subfield code="e">author</subfield>
   </datafield>
   <datafield ind2=" " ind1=" " tag="720">
      <subfield code="a">Fusté Munné, M. Carme</subfield>
      <subfield code="e">author</subfield>
   </datafield>
   <datafield ind2=" " ind1=" " tag="720">
      <subfield code="a">Lorén Egea, José Gaspar</subfield>
      <subfield code="e">author</subfield>
   </datafield>
   <datafield ind2=" " ind1=" " tag="260">
      <subfield code="c">2020-06-23T07:21:38Z</subfield>
   </datafield>
   <datafield ind2=" " ind1=" " tag="260">
      <subfield code="c">2020-06-23T07:21:38Z</subfield>
   </datafield>
   <datafield ind2=" " ind1=" " tag="260">
      <subfield code="c">2007-03</subfield>
   </datafield>
   <datafield ind2=" " ind1=" " tag="260">
      <subfield code="c">2020-06-23T07:21:38Z</subfield>
   </datafield>
   <datafield ind2=" " ind1=" " tag="520">
      <subfield code="a">A polyphasic study was performed to determine the taxonomic position of two &lt;i>Aeromonas&lt;/i> strains, 665N and 868E&lt;sup>T&lt;/sup>, isolated from bivalve molluscs, that could not be identified at the species level in a previous numerical taxonomy study. The DNA G+C content of these isolates was 62.3 and 62.6 mol%, respectively. Sequence analysis of the 16S rRNA gene showed that the two new strains were closely related to members of the genus &lt;i>Aeromonas&lt;/i>. Fluorescence amplified fragment length polymorphism fingerprinting revealed that strains 665N and 868E&lt;sup>T&lt;/sup> clustered together with a similarity of 78% but did not cluster with any of the &lt;i>Aeromonas&lt;/i> genomospecies. DNA-DNA hybridization experiments revealed a high level of relatedness between the two new isolates (76 %) but low levels of relatedness between these and phylogenetically most closely related &lt;i>Aeromonas&lt;/i> genomospecies (30-44 %). Useful tests for the phenotypic differentiation of strains 665N and 868E&lt;sup>T&lt;/sup> from other mesophilic &lt;i>Aeromonas&lt;/i> species included those for gas from glucose, lysine decarboxylase, Voges-Proskauer reaction, acid from L-arabinose, hydrolysis of aesculin and utilization of L-lactate. On the basis of genotypic and phenotypic evidence, strains 665N and 868ET are considered to represent a novel species of the genus &lt;i>Aeromonas&lt;/i>, for which the name &lt;i>Aeromonas bivalvium&lt;/i> sp. nov. is proposed. The type strain is 868E&lt;sup>T&lt;/sup> (=CECT 7113&lt;sup>T&lt;/sup>=LMG 23376&lt;sup>T&lt;/sup>).</subfield>
   </datafield>
   <datafield tag="653" ind2=" " ind1=" ">
      <subfield code="a">Microbiologia</subfield>
   </datafield>
   <datafield tag="653" ind2=" " ind1=" ">
      <subfield code="a">Classificació</subfield>
   </datafield>
   <datafield tag="653" ind2=" " ind1=" ">
      <subfield code="a">Genètica bacteriana</subfield>
   </datafield>
   <datafield tag="653" ind2=" " ind1=" ">
      <subfield code="a">Filogènia</subfield>
   </datafield>
   <datafield tag="653" ind2=" " ind1=" ">
      <subfield code="a">Taxonomia (Biologia)</subfield>
   </datafield>
   <datafield tag="653" ind2=" " ind1=" ">
      <subfield code="a">Microbiology</subfield>
   </datafield>
   <datafield tag="653" ind2=" " ind1=" ">
      <subfield code="a">Classification</subfield>
   </datafield>
   <datafield tag="653" ind2=" " ind1=" ">
      <subfield code="a">Bacterial genetics</subfield>
   </datafield>
   <datafield tag="653" ind2=" " ind1=" ">
      <subfield code="a">Phylogeny</subfield>
   </datafield>
   <datafield tag="653" ind2=" " ind1=" ">
      <subfield code="a">Taxonomy (Biology)</subfield>
   </datafield>
   <datafield ind2="0" ind1="0" tag="245">
      <subfield code="a">Aeromonas bivalvium sp. nov. isolated from bivalve molluscs</subfield>
   </datafield>
</record></metadata></record></GetRecord></OAI-PMH>